Common Household Items (Furniture Edition) - Statistics

General Stats
  • This quiz has been taken 63 times
  • The average score is 9 of 16
Answer Stats
Picture Answer % Correct
Chair
98%
Sofa
89%
Bed
85%
Lamp
85%
Table
85%
Office Chair
74%
Desk
70%
Bookshelf
57%
Sofa Table
47%
Closet
40%
Armchair
38%
Drawer
38%
Dresser
38%
Shelf
36%
Cabinet
30%
Bedside Table
26%
No matching quizzes found
Score Distribution
Percent of People with Each Score
Percentile by Number Answered
Your Score History
You have not taken this quiz